Name a Valid British Isles Historic County - Statistics

General Stats
  • This quiz has been taken 89 times
  • The average score is 9 of 14
Answer Stats
Name an historic county that... # Counties % Correct
is home to a capital city 7 Antrim | Down | Dublin | Glamorgan | Middlesex | Midlothian | Surrey
91%
has a cardinal direction in its name 6 East Lothian | Northamptonshire | Northumberland | West Lothian | Westmeath | Westmorland
89%
has hosted Eurovision 9 Cork | Dublin | Lancashire | Middlesex | Midlothian | Surrey | Sussex | Warwickshire | Yorkshire
78%
begins with F 3 Fermanagh | Fife | Flintshire
72%
is home to the highest point in a country 5 Caernarfonshire | Cumberland | Down | Inverness-shire | Kerry
69%
has a population lower than 50,000 and is not in Scotland 5 Longford | Merionethshire | Rutland | Leitrim | Radnorshire
69%
has a name which is also an acceptable word in Scrabble 14 Cheshire | Cork | Derry | Devon | Donegal | Down | Fife | Kent | Kerry | Limerick | Mayo | Shetland | Somerset | Surrey
65%
has a highest point lower than 150m 5 Huntingdonshire | Norfolk | Suffolk | Cambridgeshire | Essex
65%
is a Scottish county that borders England 3 Berwickshire | Dumfriesshire | Roxburghshire
64%
has territory in the Hebrides 3 Argyllshire | Inverness-shire | Ross and Cromarty
61%
has the same name as a US city with a population over 40,000 6 Durham | Norfolk | Kent | Suffolk | Dublin | Essex
59%
has no territory on the islands of Great Britain or Ireland 4 Anglesey | Buteshire | Orkney | Shetland
58%
is doubly landlocked 4 Bedfordshire | Buckinghamshire | Huntingdonshire | Laois
58%
is home to a city called Bangor 2 Caernarfonshire | Down
50%
No matching quizzes found
Score Distribution
Percent of People with Each Score
Percentile by Number Answered
Your Score History
You have not taken this quiz